000 00315nam a2200133Ia 4500
008 151001s9999||||xx |||||||||||||| ||und||
100 _aवसंत देशमुख
245 _aमकरंद
250 _a1
260 _bमंजिरी
260 _c1977
300 _a112
365 _b18
999 _c969281
_d969278